000 01093nam a2200301 4500
003 OSt
005 20260530115256.0
008 260507b2002 fr ||||| |||| 00| 0 spa d
020 _a8477828938
040 _aICI
_bspa
_cICI
041 _aspa
050 _aTR810
_bA7618 2002
100 1 _aAsthus-Bertrand, Yann,
_eautor
_930482
240 _a365 jours pour la terre.
_l Español
245 1 0 _a365 días por la tierra /
_c Yann Arthus-Bertrand ; textos bajo la dirección de Herve le Bras ; en la redacción de los textos que acompañan a las fotografías han participado, Astris Avundo [y otros.]
264 1 _aBarcelona :
_b Lunwerg,
_c2002
300 _a370 páginas
_bilustraciones
336 _atexto
_2rdacontent
337 _asin medio
_2rdamedia
338 _avolumen
_2rdacarrier
500 _aTraduccion de: 365 jours pour la terre
600 _aArthus-Bertrand, Yann
_930483
650 4 _a Fotografía aérea
_930484
650 4 _aGeografía humana
_930485
700 1 _aLe Bras, Herve,
_eeditor
_930486
700 1 _aAvundo, Astrid,
_eeditor
_930487
942 _2lcc
_cBK
_n1
999 _c12602
_d12602